• 首页
  • 本馆介绍
  • 公告通知
  • 最新文献
  • 馆藏检索
  • 电子资源
  • 读者导购
  • 参考咨询
  • 我的图书馆
  • 登录
  • 详细信息显示
  • 放入我的书架
  • 预约/预借图书
  • 作者相关作品
  • 分类相关作品
  • 丛书相关作品
  • 出版社相关作品

书目信息

  • 表格格式
  • 工作单格式
  • 卡片格式
题名:
医院行政管理
    
 
作者: 莫求 , 王永莲 主编
分册:  
出版信息: 上海   上海交通大学出版社  2019.03
页数: 303页
开本: 26cm
丛书名:
单 册:
中图分类: R197.322
科图分类:
主题词: 医院--yi yuan--行政管理
电子资源:
ISBN: 978-7-313-20293-2
000 00929nam0 2200253 450
001 CAL 009618601
005 20230217093113.0
010    @a978-7-313-20293-2@dCNY69.00
100    @a20190805d2019 em y0chiy0120 ea
101 0  @achi
102    @aCN@b310000
105    @ay a 001yy
106    @ar
200 1  @a医院行政管理@Ayi yuan xing zheng guan li@f莫求, 王永莲主编
210    @a上海@c上海交通大学出版社@d2019.03
215    @a303页@d26cm
320    @a有书目 (第296-297页) 和索引
330    @a本书引用了最新的医院行政管理理论, 介绍了医院组织管理、领导行为、办公室工作、信息管理、劳动人事、经营管理、设备管理、后勤管理以及各部门的工作职责和工作制度, 吸纳了优秀医院的行政管理经验, 具有一定的创新性和前沿性。
606 0  @a医院@Ayi yuan@x行政管理
690    @aR197.322@v5
701  0 @a莫求@Amo qiu@4主编
701  0 @a王永莲@Awang yong lian@4主编
801  0 @aCN@bBJXHZP@c20230228
905    @b1385579-82@dR197.322@e303@f4
    
    医院行政管理/莫求, 王永莲主编.-上海:上海交通大学出版社,2019.03
    303页;26cm
    
    
    ISBN 978-7-313-20293-2:CNY69.00
    本书引用了最新的医院行政管理理论, 介绍了医院组织管理、领导行为、办公室工作、信息管理、劳动人事、经营管理、设备管理、后勤管理以及各部门的工作职责和工作制度, 吸纳了优秀医院的行政管理经验, 具有一定的创新性和前沿性。
●
相关链接 在E读中查询图书 在五车中查询图书 在当当中查询图书 在豆瓣中查询图书


正题名:医院行政管理     索取号:R197.322/303         预约/预借

序号 登录号 条形码 馆藏地/架位号 状态 备注
1 1385579   213855791   第二样本阅览室/ [索取号:R197.322/303] 在馆    
2 1385580   213855808   第三借阅区/ [索取号:R197.322/303] 在馆    
3 1385581   213855817   第三借阅区/ [索取号:R197.322/303] 在馆    
4 1385582   213855826   第三借阅区/ [索取号:R197.322/303] 在馆    
唐山师范学院图书馆 欢迎您!
大连网信软件有限公司© 版权所有